El Tamaño de la Familia y la Distribución del Ingreso en México: Un Ensayo Exploratorio /

Este documento se elaboró con el fin de explorar el efecto que el tamaño de la familia y las variables relacionadas con ella ejercen sobre la distribución del ingreso. Se presentan primero pruebas de la relación distribución del ingreso/tamaño de la familia, de acuerdo con el análisis tradicional. S...

Descripción completa

Guardado en:
Detalles Bibliográficos
Autor principal: Vera Ferrer, Gabriel (autor)
Formato: Libro
Idioma:Español
Publicado: México : Banco de México, 1980
Colección:(Documentos de Investigación ; 31)
Temas:
Etiquetas: Agrega una etiqueta
Sin etiquetas, Sé el primero en etiquetar este registro!

MARC

LEADER 00000nam^a2200000^a^4500
001 000022545
005 20250521000000.0
009 20260526113756.552
037 |a Acervo ITESO - Biblioteca 
041 |a ESP 
082 |a 339. 21  |b VER 
100 |a Vera Ferrer, Gabriel  |e (autor) 
245 1 3 |a El Tamaño de la Familia y la Distribución del Ingreso en México: Un Ensayo Exploratorio /  |c G. Vera Ferrer. 
264 1 |a México :  |b Banco de México,  |c 1980 
300 |a 57 p. 
336 |a texto  |b txt  |2 rdacontenido 
337 |a sin mediación  |b n  |2 rdamedio 
338 |a volumen  |b nc  |2 rdasoporte 
440 1 |a (Documentos de Investigación ;  |v 31) 
520 |a Este documento se elaboró con el fin de explorar el efecto que el tamaño de la familia y las variables relacionadas con ella ejercen sobre la distribución del ingreso. Se presentan primero pruebas de la relación distribución del ingreso/tamaño de la familia, de acuerdo con el análisis tradicional. Se analizan enseguida los cambios en la distribución del ingreso al considerar el tamaño de la familia en forma explícita. Se investiga después el efecto sobre el tamaño de ella y la distribución del ingreso. Por último, se analizan diferencias del ingreso entre sector agrícola y no agrícola. 
649 |a XX 
650 |a Economía -  |z México 
650 |a Ingresos -  |z México 
650 |a Distribución del Ingreso -  |z México 
910 |a Fondo General 
920 |a Impresos - Libros 
930 |a Colección General 
905 |a 101 
901 |a 0225450100  |b IT1  |c ACC  |i 022545  |u 20250521 
902 |a https://opac.biblio.iteso.mx/vufind/Record/000022545